LEADER 00679nab a2200133 i 4500 001 000000325126 003 CaOOAMICUS 005 20180831173456.0 008 180831n it uu u0 0ita r 013 $a36047 040 $aSeMil$bita 245 10$aQuadriennio Teologico. In diretta dal seminario di Venegono. Incontro del Quadriennio con don Massimiliano Sabbadini e Bruno Pizzul. - In [rubrica] :$bNotizie dai seminari. 773 0 $t[APRILE 2002]. - 32 p.$gp.24-25$w()283211 996 $6245$aQuadriennio Teologico. In diretta dal seminario di Venegono. Incontro del Quadriennio con don Massimiliano Sabbadini e Bruno Pizzul. - In [rubrica] :$bNotizie dai seminari.$9(OLS)http://semarc/title/398351 LEADER 00822nam a2200217 i 4500 001 000000214693 003 CaOOAMICUS 005 20120801000000.0 008 120801s1908 it u000 u ita u 013 $a193564 040 $aSeMil$bita 100 1 $aPini, Gian Domenico <1871-1930>.$0(OLS)http://semarc/name/60853 245 10$aVisioni romane /$cGian Domenico Pini. 260 $aMilano :$bLibreria Editrice Milanese,$c1908. 300 $a91 p. ;$c20 cm. 500 $aCon dedica. 650 4$aRoma - Descrizioni e viaggi.$0(OLS)http://semarc/subject/23621 850 $aSeMil 852 $aSeMil$W1$xVenegono$y1$m3P II 84$j165114$B165114$CSeMilBibl$Z2$F176068 $81 996 $6245$aVisioni romane$9(OLS)http://semarc/title/309294 996 $6260$aMilano :$bLibreria Editrice Milanese$9(OLS)http://semarc/publisher/33871 LEADER 00457nab a2200145 i 4500 001 000000316865 003 CaOOAMICUS 005 20180831173217.0 008 180831n xx uu u0 0und r 013 $a25946 040 $aSeMil$bita 100 1 $aZovatto, Pietro.$0(OLS)http://semarc/name/11158 245 10$aMaddalena di Canossa e Rosmini. 773 0 $t[Gennaio-Dicembre].$g618-656$w()273993 996 $6245$aMaddalena di Canossa e Rosmini$9(OLS)http://semarc/title/390864